Textbook of Radiological Safety (Record no. 248942)

MARC details
000 -LEADER
fixed length control field 00451nam a22001697a 4500
008 - FIXED-LENGTH DATA ELEMENTS--GENERAL INFORMATION
fixed length control field 250507b |||||||| |||| 00| 0 eng d
020 ## - INTERNATIONAL STANDARD BOOK NUMBER
International Standard Book Number 978-93-5465-855-6
082 ## - DEWEY DECIMAL CLASSIFICATION NUMBER
Classification number 616.0757 R4
100 ## - MAIN ENTRY--PERSONAL NAME
Personal name Kuppusamy Thayalan
245 ## - TITLE STATEMENT
Title Textbook of Radiological Safety
250 ## - EDITION STATEMENT
Edition statement 2nd
260 ## - PUBLICATION, DISTRIBUTION, ETC. (IMPRINT)
Name of publisher, distributor, etc Jaypee Brothers Medical Publishers
Date of publication, distribution, etc 2024
650 ## - SUBJECT ADDED ENTRY--TOPICAL TERM
Form subdivision physiotherapy
General subdivision Radiological Safety
942 ## - ADDED ENTRY ELEMENTS (KOHA)
Item type Books
Holdings
Withdrawn status Lost status Damaged status Permanent location Current location Date acquired Source of acquisition Cost, normal purchase price Full call number Barcode Date last seen Koha item type
      CENTRAL LIBRARY, NOORUL ISLAM CENTRE FOR HIGHER EDUCATION CENTRAL LIBRARY, NOORUL ISLAM CENTRE FOR HIGHER EDUCATION 05/07/2025 Masters Books Distributors, Kollam 1095.00 616.0757 R4 83703 05/07/2025 Books
Visitors:
Copyright © 2024 Central Library NICHE.  All rights reserved.